[Event "DEM U12w 2025"]
[Site "Willingen GER"]
[Date "2025.06.09"]
[Round "3"]
[White "Ulianova, Anna"]
[Black "Sniegowski, Victoria"]
[Result "0-1"]
[Termination "normal"]
[Board "18"]
[WhiteElo "1440"]
[BlackElo "1525"]
[WhiteClock "01:01:18"]
[BlackClock "01:06:48"]
[PlyCount "44"]
[WhiteFideId "34682660"]
[BlackFideId "34675612"]
[EventCountry "GER"]
[EventRounds "9"]
[EventType "swiss"]
[EventDate "2025.06.07"]

1. e4 {[%clk 01:30:58]} e5 {[%clk 01:30:48]} {[%emt 00:00:13]} 2. Nf3 {[%clk
01:31:23]} {[%emt 00:00:05]} Nc6 {[%clk 01:29:41]} {[%emt 00:01:38]} 3. Bc4
{[%clk 01:31:40]} {[%emt 00:00:13]} Bc5 {[%clk 01:29:50]} {[%emt 00:00:20]} 4.
d3 {[%clk 01:31:28]} {[%emt 00:00:43]} Nf6 {[%clk 01:28:23]} {[%emt 00:01:57]}
5. Nc3 {[%clk 01:31:20]} {[%emt 00:00:37]} d6 {[%clk 01:26:55]} {[%emt
00:01:58]} 6. Ng5 {[%clk 01:24:32]} {[%emt 00:07:18]} O-O {[%clk 01:25:34]}
{[%emt 00:01:51]} 7. Nxf7 {[%clk 01:24:21]} {[%emt 00:00:42]} Rxf7 {[%clk
01:25:48]} {[%emt 00:00:16]} 8. Bxf7+ {[%clk 01:24:09]} {[%emt 00:00:42]} Kxf7
{[%clk 01:26:10]} {[%emt 00:00:07]} 9. Bg5 {[%clk 01:23:27]} {[%emt 00:01:12]}
Be6 {[%clk 01:25:05]} {[%emt 00:01:36]} 10. Bxf6 {[%clk 01:20:13]} {[%emt
00:03:44]} Qxf6 {[%clk 01:25:20]} {[%emt 00:00:14]} 11. Qh5+ {[%clk 01:16:43]}
{[%emt 00:03:59]} Kg8 {[%clk 01:22:25]} {[%emt 00:03:26]} 12. Qf3 {[%clk
01:14:37]} {[%emt 00:02:27]} Qxf3 {[%clk 01:20:25]} {[%emt 00:02:40]} 13. gxf3
{[%clk 01:14:49]} {[%emt 00:00:17]} Nd4 {[%clk 01:20:18]} {[%emt 00:00:38]} 14.
O-O-O {[%clk 01:10:48]} {[%emt 00:04:30]} Nxf3 {[%clk 01:19:16]} {[%emt
00:01:33]} 15. Kb1 {[%clk 01:08:22]} {[%emt 00:02:56]} c6 {[%clk 01:16:04]}
{[%emt 00:03:41]} 16. Na4 {[%clk 01:07:23]} {[%emt 00:01:30]} Bb6 {[%clk
01:12:04]} {[%emt 00:04:30]} 17. Nxb6 {[%clk 01:06:53]} {[%emt 00:01:00]} axb6
{[%clk 01:12:19]} {[%emt 00:00:14]} 18. a3 {[%clk 01:06:56]} {[%emt 00:00:28]}
Bh3 {[%clk 01:07:58]} {[%emt 00:04:50]} 19. c3 {[%clk 01:02:07]} {[%emt
00:05:20]} Bg2 {[%clk 01:07:18]} {[%emt 00:01:10]} 20. Rhg1 {[%clk 01:00:48]}
{[%emt 00:01:49]} Nxg1 {[%clk 01:06:51]} {[%emt 00:00:55]} 21. Rxg1 {[%clk
01:01:12]} {[%emt 00:00:07]} Bf3 {[%clk 01:06:48]} {[%emt 00:00:33]} 22. Rg3
{[%clk 01:01:18]} {[%emt 00:00:24]} Rf8 {[%emt 00:04:21]} 0-1

[Event "DEM U12w 2025"]
[Site "Willingen GER"]
[Date "2025.06.09"]
[Round "3"]
[White "Ebel, Io Cornelia"]
[Black "Tiuca, Emma"]
[Result "0-1"]
[Termination "normal"]
[Board "19"]
[WhiteElo "982"]
[BlackElo "1434"]
[WhiteClock "00:20:36"]
[BlackClock "01:14:32"]
[PlyCount "124"]
[WhiteFideId "533043469"]
[BlackFideId "4007549"]
[EventCountry "GER"]
[EventRounds "9"]
[EventType "swiss"]
[EventDate "2025.06.07"]

1. e4 {[%clk 01:30:58]} {[%emt 00:00:02]} e6 {[%clk 01:30:49]} {[%emt
00:00:10]} 2. d4 {[%clk 01:31:19]} {[%emt 00:00:10]} d5 {[%clk 01:31:06]}
{[%emt 00:00:12]} 3. Nd2 {[%clk 01:31:05]} {[%emt 00:00:45]} dxe4 {[%clk
01:30:52]} {[%emt 00:00:43]} 4. Nxe4 {[%clk 01:31:19]} {[%emt 00:00:17]} Nd7
{[%clk 01:30:57]} {[%emt 00:00:25]} 5. Nf3 {[%clk 01:31:27]} {[%emt 00:00:22]}
Ngf6 {[%clk 01:30:58]} {[%emt 00:00:28]} 6. Nxf6+ {[%clk 01:31:26]} {[%emt
00:00:32]} Nxf6 {[%clk 01:31:07]} {[%emt 00:00:20]} 7. Bg5 {[%clk 01:31:34]}
{[%emt 00:00:22]} Be7 {[%clk 01:30:26]} {[%emt 00:01:11]} 8. Bd3 {[%clk
01:31:22]} {[%emt 00:00:43]} Bd7 {[%clk 01:29:53]} {[%emt 00:01:03]} 9. O-O
{[%clk 01:30:37]} {[%emt 00:01:16]} h6 {[%clk 01:29:17]} {[%emt 00:01:05]} 10.
Bh4 {[%clk 01:30:23]} {[%emt 00:00:43]} Bc6 {[%clk 01:26:08]} {[%emt 00:03:40]}
11. c3 {[%clk 01:27:36]} {[%emt 00:03:17]} Qd5 {[%clk 01:19:59]} {[%emt
00:06:36]} 12. Be2 {[%clk 01:20:23]} {[%emt 00:07:34]} O-O-O {[%clk 01:14:55]}
{[%emt 00:05:46]} 13. c4 {[%clk 01:14:22]} {[%emt 00:06:31]} Qe4 {[%clk
01:09:16]} {[%emt 00:06:07]} 14. Bd3 {[%clk 00:59:57]} {[%emt 00:14:45]} Qg4
{[%clk 01:08:39]} {[%emt 00:01:18]} 15. Be2 {[%clk 00:50:25]} {[%emt 00:10:03]}
Bxf3 {[%clk 01:08:58]} {[%emt 00:00:11]} 16. Bxf3 {[%clk 00:49:35]} {[%emt
00:01:20]} Qxh4 {[%clk 01:09:10]} {[%emt 00:00:17]} 17. Qb3 {[%clk 00:46:23]}
{[%emt 00:03:38]} c6 {[%clk 01:09:20]} {[%emt 00:00:24]} 18. d5 {[%clk
00:43:36]} {[%emt 00:03:18]} exd5 {[%clk 01:07:30]} {[%emt 00:02:19]} 19. cxd5
{[%clk 00:41:33]} {[%emt 00:02:34]} Nxd5 {[%clk 01:07:46]} {[%emt 00:00:14]}
20. Rad1 {[%clk 00:39:35]} {[%emt 00:02:17]} Nb6 {[%clk 01:05:12]} {[%emt
00:03:09]} 21. Rxd8+ {[%clk 00:33:45]} {[%emt 00:06:27]} Rxd8 {[%clk 01:05:32]}
{[%emt 00:00:09]} 22. Qxf7 {[%clk 00:33:15]} {[%emt 00:01:01]} Qf6 {[%clk
01:05:42]} {[%emt 00:00:17]} 23. Qh5 {[%clk 00:28:54]} {[%emt 00:04:41]} Kb8
{[%clk 01:05:19]} {[%emt 00:01:04]} 24. g3 {[%clk 00:26:54]} {[%emt 00:02:28]}
g6 {[%clk 01:04:41]} {[%emt 00:01:10]} 25. Qxh6 {[%clk 00:25:03]} {[%emt
00:02:20]} Qxf3 {[%clk 01:04:46]} {[%emt 00:00:26]} 26. Qxg6 {[%clk 00:23:33]}
{[%emt 00:02:01]} Rf8 {[%clk 01:04:48]} {[%emt 00:00:27]} 27. Qg7 {[%clk
00:22:48]} {[%emt 00:01:16]} Bc5 {[%clk 01:04:59]} {[%emt 00:00:17]} 28. Qe5+
{[%clk 00:22:47]} {[%emt 00:00:32]} Ka8 {[%clk 01:05:05]} {[%emt 00:00:26]} 29.
Qxc5 {[%clk 00:23:00]} {[%emt 00:00:17]} Nd5 {[%clk 01:05:20]} {[%emt
00:00:13]} 30. a4 {[%clk 00:20:28]} {[%emt 00:03:04]} Rb8 {[%clk 01:04:32]}
{[%emt 00:01:17]} 31. a5 {[%clk 00:19:42]} {[%emt 00:01:17]} Nf4 {[%clk
01:04:42]} {[%emt 00:00:19]} 32. gxf4 {[%clk 00:18:10]} {[%emt 00:02:02]} Rg8+
{[%clk 01:05:04]} {[%emt 00:00:08]} 33. Qg5 {[%clk 00:18:19]} {[%emt 00:00:20]}
Rxg5+ {[%clk 01:05:27]} {[%emt 00:00:08]} 34. fxg5 {[%clk 00:18:36]} {[%emt
00:00:14]} Qg4+ {[%clk 01:05:45]} {[%emt 00:00:10]} 35. Kh1 {[%clk 00:18:51]}
{[%emt 00:00:17]} Qxg5 {[%clk 01:06:05]} {[%emt 00:00:09]} 36. Rg1 {[%clk
00:18:37]} {[%emt 00:00:44]} Qd5+ {[%clk 01:06:25]} {[%emt 00:00:10]} 37. Rg2
{[%clk 00:18:29]} {[%emt 00:00:38]} Qd1+ {[%clk 01:06:41]} {[%emt 00:00:14]}
38. Rg1 {[%clk 00:18:45]} {[%emt 00:00:13]} Qf3+ {[%clk 01:07:00]} {[%emt
00:00:11]} 39. Rg2 {[%clk 00:18:59]} {[%emt 00:00:17]} a6 {[%clk 01:07:23]}
{[%emt 00:00:07]} 40. h4 {[%clk 00:18:39]} {[%emt 00:00:47]} Qh3+ {[%clk
01:07:40]} {[%emt 00:00:15]} 41. Kg1 {[%clk 00:18:13]} {[%emt 00:00:56]} Qxh4
{[%clk 01:08:01]} {[%emt 00:00:09]} 42. Rg8+ {[%clk 00:18:16]} {[%emt
00:00:29]} Ka7 {[%clk 01:08:22]} {[%emt 00:00:08]} 43. Rg3 {[%clk 00:17:48]}
{[%emt 00:00:53]} Qd4 {[%clk 01:08:37]} {[%emt 00:00:18]} 44. Rb3 {[%clk
00:17:27]} {[%emt 00:00:48]} Qd1+ {[%clk 01:09:01]} {[%emt 00:00:12]} 45. Kg2
{[%clk 00:17:40]} {[%emt 00:00:16]} Qxb3 {[%clk 01:09:22]} {[%emt 00:00:09]}
46. f3 {[%clk 00:18:01]} {[%emt 00:00:09]} Qxb2+ {[%clk 01:09:45]} {[%emt
00:00:06]} 47. Kg3 {[%clk 00:18:24]} {[%emt 00:00:09]} Qf6 {[%clk 01:10:07]}
{[%emt 00:00:07]} 48. f4 {[%clk 00:18:38]} {[%emt 00:00:16]} b6 {[%clk
01:10:29]} {[%emt 00:00:08]} 49. axb6+ {[%clk 00:18:55]} {[%emt 00:00:13]} Kxb6
{[%clk 01:10:52]} {[%emt 00:00:06]} 50. Kg4 {[%clk 00:19:13]} {[%emt 00:00:11]}
a5 {[%clk 01:11:15]} {[%emt 00:00:09]} 51. f5 {[%clk 00:18:58]} {[%emt
00:00:45]} Qxf5+ {[%clk 01:11:32]} {[%emt 00:00:13]} 52. Kxf5 {[%clk 00:19:17]}
{[%emt 00:00:10]} a4 {[%clk 01:11:56]} {[%emt 00:00:06]} 53. Ke5 {[%clk
00:19:34]} {[%emt 00:00:13]} a3 {[%clk 01:12:19]} {[%emt 00:00:07]} 54. Ke4
{[%clk 00:19:56]} {[%emt 00:00:09]} a2 {[%clk 01:12:41]} {[%emt 00:00:07]} 55.
Kd4 {[%clk 00:20:10]} {[%emt 00:00:16]} a1=Q+ {[%emt 00:00:07]} 56. Kc4 {[%emt
00:00:05]} Qd1 {[%clk 01:12:44]} {[%emt 00:00:14]} 57. Kc3 {[%clk 00:20:23]}
{[%emt 00:00:18]} Kb5 {[%clk 01:13:00]} {[%emt 00:00:14]} 58. Kb2 {[%clk
00:20:44]} {[%emt 00:00:10]} Qd3 {[%clk 01:13:19]} {[%emt 00:00:09]} 59. Ka2
{[%clk 00:21:00]} {[%emt 00:00:15]} Kb4 {[%clk 01:13:33]} {[%emt 00:00:15]} 60.
Ka1 {[%clk 00:21:04]} {[%emt 00:00:27]} Qd2 {[%clk 01:13:53]} {[%emt 00:00:10]}
61. Kb1 {[%clk 00:20:19]} {[%emt 00:01:15]} Kb3 {[%clk 01:14:08]} {[%emt
00:00:14]} 62. Ka1 {[%clk 00:20:36]} {[%emt 00:00:15]} Qc1# {[%clk 01:14:32]}
{[%emt 00:00:04]} 0-1

[Event "DEM U12w 2025"]
[Site "Willingen GER"]
[Date "2025.06.09"]
[Round "3"]
[White "Sriram, Yashasri"]
[Black "Subocz, Emma"]
[Result "1-0"]
[Termination "normal"]
[Board "20"]
[WhiteElo "1547"]
[BlackElo "1270"]
[WhiteClock "00:56:13"]
[BlackClock "01:05:56"]
[PlyCount "97"]
[WhiteFideId "34656243"]
[BlackFideId "41805666"]
[EventCountry "GER"]
[EventRounds "9"]
[EventType "swiss"]
[EventDate "2025.06.07"]

1. e4 {[%clk 01:30:47]} {[%emt 00:00:13]} c5 {[%clk 01:30:51]} {[%emt
00:00:09]} 2. c3 {[%clk 01:31:13]} {[%emt 00:00:04]} d5 {[%clk 01:31:12]}
{[%emt 00:00:09]} 3. exd5 {[%clk 01:31:39]} {[%emt 00:00:05]} Qxd5 {[%clk
01:31:31]} {[%emt 00:00:11]} 4. Nf3 {[%clk 01:32:06]} {[%emt 00:00:03]} Nf6
{[%clk 01:31:34]} {[%emt 00:00:27]} 5. d4 {[%clk 01:32:30]} {[%emt 00:00:05]}
Bg4 {[%clk 01:31:44]} {[%emt 00:00:20]} 6. Be2 {[%clk 01:32:37]} {[%emt
00:00:23]} Nc6 {[%clk 01:31:44]} {[%emt 00:00:29]} 7. dxc5 {[%clk 01:32:42]}
{[%emt 00:00:26]} Qxc5 {[%clk 01:31:44]} {[%emt 00:00:31]} 8. O-O {[%clk
01:32:40]} {[%emt 00:00:31]} e6 {[%clk 01:30:53]} {[%emt 00:01:21]} 9. Be3
{[%clk 01:32:48]} {[%emt 00:00:21]} Qd6 {[%clk 01:28:54]} {[%emt 00:02:29]} 10.
Na3 {[%clk 01:28:22]} {[%emt 00:04:57]} Qxd1 {[%clk 01:26:33]} {[%emt
00:02:51]} 11. Rfxd1 {[%clk 01:28:24]} {[%emt 00:00:27]} Bxa3 {[%clk 01:26:17]}
{[%emt 00:00:47]} 12. bxa3 {[%clk 01:28:38]} {[%emt 00:00:17]} O-O {[%clk
01:25:35]} {[%emt 00:01:11]} 13. Rab1 {[%clk 01:25:43]} {[%emt 00:03:25]} Ne4
{[%clk 01:22:47]} {[%emt 00:03:18]} 14. Rxb7 {[%clk 01:18:43]} {[%emt
00:07:30]} Nxc3 {[%clk 01:22:56]} {[%emt 00:00:21]} 15. Rd2 {[%clk 01:19:04]}
{[%emt 00:00:10]} Nxe2+ {[%clk 01:23:06]} {[%emt 00:00:19]} 16. Rxe2 {[%clk
01:19:20]} {[%emt 00:00:14]} Bxf3 {[%clk 01:23:24]} {[%emt 00:00:12]} 17. gxf3
{[%clk 01:19:39]} {[%emt 00:00:11]} Rfd8 {[%clk 01:20:33]} {[%emt 00:03:22]}
18. Rc2 {[%clk 01:17:04]} {[%emt 00:03:05]} Rdc8 {[%clk 01:16:59]} {[%emt
00:04:03]} 19. Kg2 {[%clk 01:15:00]} {[%emt 00:02:33]} e5 {[%clk 01:10:58]}
{[%emt 00:06:32]} 20. Bxa7 {[%clk 00:58:22]} {[%emt 00:17:08]} h6 {[%clk
01:09:44]} {[%emt 00:01:44]} 21. Be3 {[%clk 00:56:34]} {[%emt 00:02:17]} Rxa3
{[%clk 01:06:43]} {[%emt 00:03:32]} 22. Rb6 {[%clk 00:56:24]} {[%emt 00:00:40]}
Na7 {[%clk 01:06:32]} {[%emt 00:00:41]} 23. Rxc8+ {[%clk 00:54:43]} {[%emt
00:02:11]} Nxc8 {[%clk 01:06:55]} {[%emt 00:00:08]} 24. Rb8 {[%clk 00:54:41]}
{[%emt 00:00:32]} Rc3 {[%clk 01:07:14]} {[%emt 00:00:10]} 25. a4 {[%clk
00:53:38]} {[%emt 00:01:33]} Kh7 {[%clk 01:07:24]} {[%emt 00:00:20]} 26. a5
{[%clk 00:53:04]} {[%emt 00:01:04]} Nd6 {[%clk 01:06:54]} {[%emt 00:01:01]} 27.
a6 {[%clk 00:52:40]} {[%emt 00:00:54]} Nc4 {[%clk 01:01:30]} {[%emt 00:05:52]}
28. a7 {[%clk 00:51:59]} {[%emt 00:01:12]} Nxe3+ {[%clk 01:01:52]} {[%emt
00:00:09]} 29. fxe3 {[%clk 00:52:20]} {[%emt 00:00:08]} Ra3 {[%clk 01:02:01]}
{[%emt 00:00:21]} 30. a8=Q {[%clk 00:52:42]} {[%emt 00:00:07]} Rxa8 {[%clk
01:02:16]} {[%emt 00:00:16]} 31. Rxa8 {[%clk 00:53:05]} {[%emt 00:00:06]} Kg6
{[%clk 01:02:25]} {[%emt 00:00:22]} 32. Kg3 {[%clk 00:53:09]} {[%emt 00:00:26]}
f5 {[%clk 01:02:39]} {[%emt 00:00:16]} 33. Ra6+ {[%clk 00:52:53]} {[%emt
00:00:46]} Kg5 {[%clk 01:03:00]} {[%emt 00:00:09]} 34. f4+ {[%clk 00:52:55]}
{[%emt 00:00:27]} exf4+ {[%clk 01:03:12]} {[%emt 00:00:19]} 35. exf4+ {[%clk
00:53:17]} {[%emt 00:00:07]} Kh5 {[%clk 01:03:35]} {[%emt 00:00:08]} 36. Ra5
{[%clk 00:53:16]} {[%emt 00:00:31]} g6 {[%clk 01:03:53]} {[%emt 00:00:13]} 37.
h4 {[%clk 00:53:30]} {[%emt 00:00:16]} g5 {[%clk 01:03:58]} {[%emt 00:00:26]}
38. hxg5 {[%clk 00:53:39]} {[%emt 00:00:20]} hxg5 {[%clk 01:04:17]} {[%emt
00:00:11]} 39. Rxf5 {[%clk 00:53:50]} {[%emt 00:00:19]} Kg6 {[%clk 01:04:30]}
{[%emt 00:00:18]} 40. Rxg5+ {[%clk 00:54:09]} {[%emt 00:00:11]} Kf6 {[%clk
01:04:47]} {[%emt 00:00:12]} 41. Re5 {[%clk 00:54:26]} {[%emt 00:00:13]} Kg6
{[%clk 01:04:59]} {[%emt 00:00:18]} 42. Kg4 {[%clk 00:54:41]} {[%emt 00:00:15]}
Kf6 {[%clk 01:05:21]} {[%emt 00:00:08]} 43. Kh5 {[%clk 00:54:48]} {[%emt
00:00:21]} Kg7 {[%clk 01:05:18]} {[%emt 00:00:35]} 44. Re6 {[%clk 00:54:49]}
{[%emt 00:00:29]} Kf7 {[%clk 01:05:39]} {[%emt 00:00:09]} 45. f5 {[%clk
00:55:13]} {[%emt 00:00:07]} Kg7 {[%clk 01:05:52]} {[%emt 00:00:17]} 46. Kg5
{[%clk 00:55:28]} {[%emt 00:00:14]} Kf7 {[%clk 01:06:12]} {[%emt 00:00:10]} 47.
Kh6 {[%clk 00:55:45]} {[%emt 00:00:12]} Kg8 {[%clk 01:05:42]} {[%emt 00:01:01]}
48. Rf6 {[%clk 00:55:46]} {[%emt 00:00:29]} Kh8 {[%clk 01:05:56]} {[%emt
00:00:16]} 49. Rf8# {[%clk 00:56:13]} {[%emt 00:00:04]} 1-0

[Event "DEM U12w 2025"]
[Site "Willingen GER"]
[Date "2025.06.09"]
[Round "3"]
[White "Jänsch, Layla"]
[Black "Wolf, Aurelia"]
[Result "1-0"]
[Termination "normal"]
[Board "21"]
[WhiteElo "1095"]
[BlackElo "1410"]
[WhiteClock "00:27:01"]
[BlackClock "00:20:02"]
[PlyCount "61"]
[WhiteFideId "533043477"]
[BlackFideId "34671048"]
[EventCountry "GER"]
[EventRounds "9"]
[EventType "swiss"]
[EventDate "2025.06.07"]

1. e4 {[%clk 01:30:57]} {[%emt 00:00:03]} e5 {[%clk 01:31:24]} {[%emt
00:00:06]} 2. Nf3 {[%clk 01:31:21]} {[%emt 00:00:05]} Nc6 {[%clk 01:31:50]}
{[%emt 00:00:05]} 3. d4 {[%clk 01:31:44]} {[%emt 00:00:07]} exd4 {[%clk
01:32:15]} {[%emt 00:00:05]} 4. Bc4 {[%clk 01:32:07]} {[%emt 00:00:07]} Nf6
{[%clk 01:32:38]} {[%emt 00:00:06]} 5. O-O {[%clk 01:32:30]} {[%emt 00:00:07]}
Nxe4 {[%clk 01:33:03]} {[%emt 00:00:05]} 6. Re1 {[%clk 01:32:53]} {[%emt
00:00:06]} d5 {[%clk 01:33:30]} {[%emt 00:00:05]} 7. Bxd5 {[%clk 01:32:45]}
{[%emt 00:00:37]} Qxd5 {[%clk 01:33:50]} {[%emt 00:00:10]} 8. Nc3 {[%clk
01:33:07]} {[%emt 00:00:08]} Qh5 {[%clk 01:34:13]} {[%emt 00:00:08]} 9. Nxe4
{[%clk 01:33:21]} {[%emt 00:00:15]} Be6 {[%clk 01:33:29]} {[%emt 00:01:15]} 10.
Bg5 {[%clk 01:33:05]} {[%emt 00:00:43]} h6 {[%clk 01:26:52]} {[%emt 00:07:11]}
11. Bf4 {[%clk 01:30:45]} {[%emt 00:02:45]} O-O-O {[%clk 01:26:30]} {[%emt
00:00:55]} 12. Qd3 {[%clk 01:23:46]} {[%emt 00:07:29]} Bb4 {[%clk 01:22:48]}
{[%emt 00:04:13]} 13. Red1 {[%clk 01:20:12]} {[%emt 00:04:04]} Rhe8 {[%clk
01:19:30]} {[%emt 00:03:48]} 14. Ng3 {[%clk 01:14:16]} {[%emt 00:06:22]} Qc5
{[%clk 01:12:52]} {[%emt 00:07:11]} 15. a3 {[%clk 01:11:05]} {[%emt 00:03:42]}
Bc4 {[%clk 01:01:12]} {[%emt 00:12:10]} 16. axb4 {[%clk 01:10:45]} {[%emt
00:00:50]} Bxd3 {[%clk 01:01:32]} {[%emt 00:00:09]} 17. bxc5 {[%clk 01:11:08]}
{[%emt 00:00:07]} Bxc2 {[%clk 01:01:50]} {[%emt 00:00:13]} 18. Re1 {[%clk
01:06:38]} {[%emt 00:04:51]} d3 {[%clk 00:48:50]} {[%emt 00:13:38]} 19. Bd2
{[%clk 01:01:54]} {[%emt 00:05:12]} a6 {[%clk 00:40:44]} {[%emt 00:08:39]} 20.
h3 {[%clk 00:56:30]} {[%emt 00:05:50]} Re6 {[%clk 00:35:17]} {[%emt 00:05:59]}
21. Rxe6 {[%clk 00:55:32]} {[%emt 00:01:29]} fxe6 {[%clk 00:35:30]} {[%emt
00:00:17]} 22. Rc1 {[%clk 00:53:12]} {[%emt 00:02:49]} Re8 {[%clk 00:35:24]}
{[%emt 00:00:36]} 23. Ne1 {[%clk 00:52:19]} {[%emt 00:01:23]} Nd4 {[%clk
00:31:22]} {[%emt 00:04:33]} 24. Nxc2 {[%clk 00:51:01]} {[%emt 00:01:47]} Nxc2
{[%clk 00:30:07]} {[%emt 00:01:45]} 25. f3 {[%clk 00:48:38]} {[%emt 00:02:53]}
Rd8 {[%clk 00:26:08]} {[%emt 00:04:29]} 26. Nf1 {[%clk 00:46:24]} {[%emt
00:02:40]} Rd5 {[%clk 00:22:39]} {[%emt 00:04:03]} 27. b4 {[%clk 00:38:39]}
{[%emt 00:08:16]} a5 {[%clk 00:19:41]} {[%emt 00:03:28]} 28. bxa5 {[%clk
00:32:55]} {[%emt 00:06:14]} Rxc5 {[%clk 00:19:58]} {[%emt 00:00:13]} 29. Ne3
{[%clk 00:32:09]} {[%emt 00:01:13]} Nxe3 {[%clk 00:19:59]} {[%emt 00:00:32]}
30. Rxc5 {[%clk 00:28:50]} {[%emt 00:03:48]} Nf5 {[%clk 00:20:02]} {[%emt
00:00:27]} 31. Kf2 {[%clk 00:27:01]} {[%emt 00:02:17]} 1-0

[Event "DEM U12w 2025"]
[Site "Willingen GER"]
[Date "2025.06.09"]
[Round "3"]
[White "Didas, Emma"]
[Black "Lüken, Juliane"]
[Result "1-0"]
[Termination "normal"]
[Board "22"]
[WhiteElo "1461"]
[BlackElo "987"]
[WhiteClock "01:06:46"]
[BlackClock "01:00:16"]
[PlyCount "73"]
[WhiteFideId "34681612"]
[BlackFideId "533043485"]
[EventCountry "GER"]
[EventRounds "9"]
[EventType "swiss"]
[EventDate "2025.06.07"]

1. e4 {[%clk 01:30:57]} {[%emt 00:00:02]} e5 {[%clk 01:30:50]} {[%emt
00:00:10]} 2. Nf3 {[%clk 01:31:21]} {[%emt 00:00:06]} Nc6 {[%clk 01:31:03]}
{[%emt 00:00:17]} 3. Bc4 {[%clk 01:31:45]} {[%emt 00:00:06]} d6 {[%clk
01:31:16]} {[%emt 00:00:17]} 4. c3 {[%clk 01:31:59]} {[%emt 00:00:17]} Nf6
{[%clk 01:31:07]} {[%emt 00:00:37]} 5. d3 {[%clk 01:32:19]} {[%emt 00:00:12]}
Be6 {[%clk 01:31:02]} {[%emt 00:00:35]} 6. Bb3 {[%clk 01:31:50]} {[%emt
00:00:57]} Be7 {[%clk 01:31:05]} {[%emt 00:00:27]} 7. Ng5 {[%clk 01:30:35]}
{[%emt 00:01:42]} Qc8 {[%clk 01:30:29]} {[%emt 00:01:04]} 8. Nxe6 {[%clk
01:29:55]} {[%emt 00:01:17]} fxe6 {[%clk 01:30:33]} {[%emt 00:00:24]} 9. O-O
{[%clk 01:29:16]} {[%emt 00:01:09]} O-O {[%clk 01:30:35]} {[%emt 00:00:29]} 10.
Nd2 {[%clk 01:28:41]} {[%emt 00:01:05]} d5 {[%clk 01:30:07]} {[%emt 00:00:57]}
11. Re1 {[%clk 01:27:55]} {[%emt 00:01:17]} h6 {[%clk 01:27:47]} {[%emt
00:02:48]} 12. Nf3 {[%clk 01:26:52]} {[%emt 00:01:36]} b6 {[%clk 01:25:20]}
{[%emt 00:02:57]} 13. exd5 {[%clk 01:26:34]} {[%emt 00:00:48]} exd5 {[%clk
01:24:04]} {[%emt 00:01:44]} 14. Nxe5 {[%clk 01:26:04]} {[%emt 00:01:02]} Nxe5
{[%clk 01:23:53]} {[%emt 00:00:40]} 15. Rxe5 {[%clk 01:26:17]} {[%emt
00:00:17]} Bd6 {[%clk 01:22:59]} {[%emt 00:01:24]} 16. Bxd5+ {[%clk 01:24:08]}
{[%emt 00:02:39]} Nxd5 {[%clk 01:22:59]} {[%emt 00:00:27]} 17. Rxd5 {[%clk
01:24:29]} {[%emt 00:00:12]} Qe6 {[%clk 01:23:11]} {[%emt 00:00:17]} 18. Rd4
{[%clk 01:23:28]} {[%emt 00:01:32]} Qg6 {[%clk 01:22:54]} {[%emt 00:00:46]} 19.
Qg4 {[%clk 01:18:18]} {[%emt 00:05:35]} Qf7 {[%clk 01:19:24]} {[%emt 00:03:56]}
20. Be3 {[%clk 01:16:44]} {[%emt 00:02:14]} Bc5 {[%clk 01:17:28]} {[%emt
00:02:00]} 21. Rd7 {[%clk 01:14:54]} {[%emt 00:02:46]} Qf6 {[%clk 01:13:57]}
{[%emt 00:04:01]} 22. d4 {[%clk 01:14:12]} {[%emt 00:01:13]} Bd6 {[%clk
01:12:45]} {[%emt 00:01:40]} 23. d5 {[%clk 01:12:02]} {[%emt 00:02:42]} Rae8
{[%clk 01:11:56]} {[%emt 00:01:19]} 24. Bd4 {[%clk 01:11:40]} {[%emt 00:00:50]}
Be5 {[%clk 01:11:02]} {[%emt 00:01:24]} 25. Be3 {[%clk 01:09:25]} {[%emt
00:02:45]} Rd8 {[%clk 01:09:17]} {[%emt 00:01:50]} 26. Rxd8 {[%clk 01:09:54]}
Rxd8 {[%clk 01:09:36]} {[%emt 00:00:38]} 27. f4 {[%clk 01:09:30]} {[%emt
00:00:54]} Bd6 {[%clk 01:09:38]} {[%emt 00:00:27]} 28. Qe6+ {[%clk 01:08:34]}
{[%emt 00:01:26]} Qxe6 {[%clk 01:09:08]} {[%emt 00:01:01]} 29. dxe6 {[%clk
01:08:37]} {[%emt 00:00:27]} Re8 {[%clk 01:09:07]} {[%emt 00:00:14]} 30. f5
{[%clk 01:08:46]} {[%emt 00:00:37]} Rf8 {[%clk 01:09:10]} {[%emt 00:00:25]} 31.
g4 {[%clk 01:07:51]} {[%emt 00:01:28]} g5 {[%clk 01:08:57]} {[%emt 00:00:37]}
32. Re1 {[%clk 01:06:11]} {[%emt 00:02:15]} Kg7 {[%clk 01:08:30]} {[%emt
00:00:50]} 33. Bd4+ {[%clk 01:06:20]} {[%emt 00:00:27]} Rf6 {[%clk 01:07:40]}
{[%emt 00:01:21]} 34. e7 {[%emt 00:00:46]} Kh7 {[%clk 01:04:26]} {[%emt
00:03:40]} 35. e8=Q {[%clk 01:06:27]} {[%emt 00:00:13]} Bc5 {[%clk 01:00:44]}
{[%emt 00:04:11]} 36. Re7+ {[%clk 01:06:21]} {[%emt 00:00:37]} Bxe7 {[%clk
01:00:16]} {[%emt 00:00:58]} 37. Qxe7+ {[%clk 01:06:46]} {[%emt 00:00:04]} 1-0